000 00415nam a22001697a 4500
005 20160524110138.0
008 160524b xxu||||| |||| 00| 0 eng d
020 _a81-7554-109-1
041 _aeng
082 _b4497
100 _aKapfrer, Jean Noel
_91111
245 _aStrategic Brand Management
260 _aNew Delhi
_bAcademic Faundation
_c2009
300 _a426
650 _aManagement
_9241
942 _cBK
999 _c1511
_d1510